Statistics for How i met your mother quiz

Click here to take the quiz!

General Stats

  • This quiz has been taken 33 times
  • The average score is 9 of 11

Answer Stats

HintAnswer% Correct
what colour was the instrumentBlue
100%
what instrument did Ted show RobinFrench horn
97%
what color was the umbrellasyellow
97%
where did lily go end of season 1San Francisco
94%
what year did HIMYM come out2005
91%
what was the Bar called in HIMYMMacLarens
84%
Whats Teds kids mum namedTracy
78%
What was the bartenders nameCarl
75%
Teds sons nameLuke
69%
Teds daughters namepenny
63%
what does ted call the insturmentSmurf penis
47%

Score Distribution

Percentile by Number Answered

Percent of People with Each Score

Your Score History

You have not taken this quiz